<?xml version="1.0" encoding="UTF-8"?>
<record
    xmlns:xsi="http://www.w3.org/2001/XMLSchema-instance"
    xsi:schemaLocation="http://www.loc.gov/MARC21/slim http://www.loc.gov/standards/marcxml/schema/MARC21slim.xsd"
    xmlns="http://www.loc.gov/MARC21/slim">

  <leader>02821nam a2200313 a 4500</leader>
  <controlfield tag="001">135284</controlfield>
  <controlfield tag="003">FlNmELB</controlfield>
  <controlfield tag="005">20241217180814.0</controlfield>
  <controlfield tag="006">m     o  d |      </controlfield>
  <controlfield tag="007">cr cn|||||||||</controlfield>
  <controlfield tag="008">201208r2009    ec |||||s|||||||||||spa d</controlfield>
  <datafield tag="035" ind1=" " ind2=" ">
    <subfield code="a">(OCoLC)811371202</subfield>
  </datafield>
  <datafield tag="040" ind1=" " ind2=" ">
    <subfield code="a">FlNmELB</subfield>
    <subfield code="b">spa</subfield>
    <subfield code="c">FlNmELB</subfield>
  </datafield>
  <datafield tag="050" ind1=" " ind2="4">
    <subfield code="a">TN870</subfield>
    <subfield code="b">C522 2009</subfield>
  </datafield>
  <datafield tag="080" ind1=" " ind2=" ">
    <subfield code="a">665.6</subfield>
  </datafield>
  <datafield tag="082" ind1="0" ind2="4">
    <subfield code="a">665.5</subfield>
    <subfield code="2">22</subfield>
  </datafield>
  <datafield tag="100" ind1="1" ind2=" ">
    <subfield code="a">Cherrez Cortez, Luis Fernando.</subfield>
  </datafield>
  <datafield tag="245" ind1="1" ind2="0">
    <subfield code="a">Evaluaci&#xF3;n de la reinyecci&#x1E47; de agua a la formaci&#xF3;n Tiyuyacu del campo Sacha</subfield>
    <subfield code="h">[recurso electronico] /</subfield>
    <subfield code="c">Luis Fernando Cherrez Cortez ; director: Carlos Rodr&#xED;guez.</subfield>
  </datafield>
  <datafield tag="260" ind1=" " ind2=" ">
    <subfield code="a">Quito :</subfield>
    <subfield code="b">Universidad Central del Ecuador,</subfield>
    <subfield code="c">2009.</subfield>
  </datafield>
  <datafield tag="300" ind1=" " ind2=" ">
    <subfield code="a">289 p.</subfield>
  </datafield>
  <datafield tag="520" ind1=" " ind2=" ">
    <subfield code="a">Tesis sobre ingenier&#xED;a de producci&#xF3;n de petr&#xF3;leo, espec&#xED;ficamente reinyecci&#xF3;n de agua. El objetivo fundamental es reducir impactos ambientales, con la ayuda de las propiedades f&#xED;sico-qu&#xED;micas del agua reinyectada, informaci&#xF3;n de pozos reinyectores y caracter&#xED;sticas petrof&#xED;sicas de la formaci&#xF3;n receptora. Problemas identificados: insufiente espacio para confinar el agua de formaci&#xF3;n, aumento de producci&#xF3;n de agua de formaci&#xF3;n y corrosi&#xF3;n en el sistema. La hip&#xF3;tesis dice: el c&#xE1;lculo de la capacidad de almacenamiento permite conocer el volumen de agua a confinar y prever el tiempo de reinyecci&#xF3;n. Con estudios referenciales sobre: ubicaci&#xF3;n, rese&#xF1;a hist&#xF3;rica, producci&#xF3;n, ubicaci&#xF3;n geol&#xF3;gica del Campo, definici&#xF3;n y objetivo del sistema de confinamiento de agua de formaci&#xF3;n. Con fundamentos te&#xF3;ricos sobre: Formaci&#xF3;n Tiyuyacu: Caracter&#xED;sticas geol&#xF3;gicas, petrof&#xED;sicas, volumen de confinamiento, historia de presiones. Marco metodol&#xF3;gico: an&#xE1;lisis de propiedades f&#xED;sico-qu&#xED;micas del agua de formaci&#xF3;n, proyecciones de los vol&#xFA;menes de fluidos a 20 a&#xF1;os, c&#xE1;lculo de capacidad de confinamiento, descripci&#xF3;n del sistema de manejo del agua, evaluaci&#xF3;n de los pozos reinyectores, an&#xE1;lisis econ&#xF3;mico del barril de agua reinyectada, evaluaci&#xF3;n de normas ambientales. Conclusi&#xF3;n general se refiere al c&#xE1;lculo de almacenamiento de agua de formaci&#xF3;n con una proyecci&#xF3;n a 273 a&#xF1;os y con un promedio anual de diez y ocho millones cuatrocientos veinte y dos mil seiscientos treinta y cinco barriles de agua. Con la recomendaci&#xF3;n de perforar nuevos pozos reinyectores, a fin de optimizar espacio f&#xED;sico.</subfield>
  </datafield>
  <datafield tag="533" ind1=" " ind2=" ">
    <subfield code="a">Recurso electr&#xF3;nico. Santa Fe, Arg.: e-libro, 2015. Disponible v&#xED;a World Wide Web. El acceso puede estar limitado para las bibliotecas afiliadas a e-libro.</subfield>
  </datafield>
  <datafield tag="650" ind1=" " ind2="4">
    <subfield code="a">Ingenier&#xED;a de producci&#xF3;n de petr&#xF3;leo.</subfield>
  </datafield>
  <datafield tag="650" ind1=" " ind2="4">
    <subfield code="a">Petroleum engineering.</subfield>
  </datafield>
  <datafield tag="655" ind1=" " ind2="4">
    <subfield code="a">Libros electr&#xF3;nicos.</subfield>
  </datafield>
  <datafield tag="700" ind1="1" ind2=" ">
    <subfield code="a">Rodr&#xED;guez, Carlos,</subfield>
    <subfield code="e">dir.</subfield>
  </datafield>
  <datafield tag="710" ind1="2" ind2=" ">
    <subfield code="a">e-libro, Corp.</subfield>
  </datafield>
  <datafield tag="856" ind1="4" ind2="0">
    <subfield code="u">https://elibro.net/ereader/politecnicointernacional/87006</subfield>
  </datafield>
  <datafield tag="999" ind1=" " ind2=" ">
    <subfield code="c">135284</subfield>
    <subfield code="d">135284</subfield>
  </datafield>
</record>
